| 000 | 00762nam a2200241 a 4500 | ||
|---|---|---|---|
| 001 | 000018747 | ||
| 005 | 20200929165842.0 | ||
| 008 | 100514s1965 sp a 000 f spa d | ||
| 040 |
_aDO-SdBNP _bspa _cBNPHU |
||
| 082 |
_a843.8 _bV531mi |
||
| 100 | 1 |
_aVerne, Jules, _d1828-1905 _913574 |
|
| 245 | 1 | 0 |
_aMiguel Strogoff / _cJulio Verne ; traducción de Aníbal Froufe. |
| 260 |
_aMadrid : _bEDAF, _c1965. |
||
| 300 |
_a390 p. : _bil. ; _c19 cm. |
||
| 490 | 1 |
_aBiblioteca EDAF _v49 |
|
| 504 | _aIncluye referencias bibliográficas y notas a pie de las páginas. | ||
| 650 | 4 |
_aNovela francesa _91075 |
|
| 650 | 4 |
_aLiteratura francesa _91074 |
|
| 700 | 1 |
_aFroufe, Aníbal, _etr. _940461 |
|
| 830 | 0 |
_aBiblioteca EDAF ; _n49 _940462 |
|
| 910 | _aWM | ||
| 049 | _aBNGR | ||
| 999 |
_c18267 _d18267 |
||